| 000 | 01048nam a2200301 i 4500 | ||
|---|---|---|---|
| 001 | 000008750 | ||
| 003 | DO-SdBNP | ||
| 005 | 20250227073849.0 | ||
| 007 | ta | ||
| 008 | 090918s1972 dr 000 0 spa d | ||
| 040 |
_aDO-SdBNP _bspa _cBNPHU _erda |
||
| 082 | 4 |
_aRD860.8 _bA634L _221 |
|
| 245 | 0 | 0 |
_aAntología de la literatura dominicana / _c[compilador], José Alcántara Almánzar. |
| 264 |
_aSanto Domingo : _bCultura Dominicana, _c1972. |
||
| 300 |
_a436 páginas _c22 cm. |
||
| 336 |
_2rdacontent _atexto _btxt |
||
| 337 |
_2rdamedia _asin mediación _bn |
||
| 338 |
_2rdacarrier _avolumen _bnc |
||
| 490 | 0 | _aBiblioteca esencial | |
| 500 | _aIncluye datos biográficos del autor en la contracubierta | ||
| 504 | _aBibliografía : p. 427-436 | ||
| 590 | _aInventariado, 2019/MFF | ||
| 650 | 4 |
_aLiteratura dominicana _vColecciones _97123 |
|
| 650 | 4 |
_aRepública dominicana _vAntologías literarias _923282 |
|
| 700 | 1 |
_aAlcántara Almánzar, José _d1946- _ecomp. _97018 |
|
| 910 | _aValidado. Control de calidad MFF | ||
| 942 |
_2ddc _cLBS1 |
||
| 999 |
_c8520 _d8520 |
||